[Event "GBR-ch107 Over 65"]
[Site "Milton Keynes"]
[Date "2021.10.07"]
[Round "4.1"]
[White "Milnes, Anthony CP"]
[Black "Jackson, Oliver A"]
[Result "0-1"]
[WhiteElo "1948"]
[BlackElo "2112"]
[PlyCount "60"]
[EventDate "2021.10.04"]
[EventType "swiss"]
[EventRounds "7"]
[EventCountry "GBR"]
[SourceTitle "BritBase"]
[Source "John Saunders"]
[SourceDate "2021.06.05"]
[SourceVersion "1"]
[SourceVersionDate "2021.06.05"]
[SourceQuality "1"]

1. f4 Nf6 2. Nf3 g6 3. e3 Bg7 4. Be2 O-O 5. O-O d6 6. Nc3 c5 7. e4 Nc6 8. d3
Rb8 9. Qe1 Nd4 10. Nxd4 cxd4 11. Nd1 b5 12. c3 dxc3 13. Nxc3 b4 14. Nd1 a5 15.
Qg3 Ba6 16. Nf2 Nd7 17. Rb1 Rc8 18. Bd1 Nc5 19. f5 Qb6 20. Be3 Qb5 21. Be2 Na4
22. Rfe1 Rc2 23. Bf1 Rxb2 24. d4 Rxb1 25. Rxb1 Qb7 26. Bxa6 Qxa6 27. Qf3 Qc4
28. Qd1 Nc3 29. Qb3 Qxb3 30. Rxb3 Nxa2 0-1

[Event "GBR-ch107 Over 65"]
[Site "Milton Keynes"]
[Date "2021.10.07"]
[Round "4.2"]
[White "Reuben, Stewart"]
[Black "De Coverly, Roger D"]
[Result "0-1"]
[WhiteElo "1991"]
[BlackElo "1863"]
[PlyCount "88"]
[EventDate "2021.10.04"]
[EventType "swiss"]
[EventRounds "7"]
[EventCountry "GBR"]
[SourceTitle "BritBase"]
[Source "John Saunders"]
[SourceDate "2021.06.05"]
[SourceVersion "1"]
[SourceVersionDate "2021.06.05"]
[SourceQuality "1"]

1. c4 Nf6 2. Nc3 g6 3. g3 Bg7 4. Bg2 d6 5. d4 O-O 6. e4 Nbd7 7. Nge2 e5 8. O-O
exd4 9. Nxd4 a5 10. Be3 Re8 11. f3 Nc5 12. Qd2 Nfd7 13. Ndb5 Na6 14. Rad1 Ne5
15. b3 Bd7 16. Bd4 Bxb5 17. Nxb5 a4 18. f4 Nc6 19. Bxg7 Kxg7 20. f5 f6 21. fxg6
hxg6 22. Qf4 Qe7 23. h4 axb3 24. axb3 Qe5 25. Kh2 Re7 26. Qg4 Qh5 27. Qf4 Rf8
28. Rd2 Nc5 29. Qe3 Ne5 30. Qc3 Rff7 31. b4 Ng4+ 32. Kg1 Nxe4 33. Bxe4 Rxe4 34.
Rd5 Ne5 35. Nd4 Qg4 36. Nc2 Rxc4 37. Qb3 Qe4 38. Rd2 Re7 39. Rf4 Qc6 40. Rdf2
f5 41. Nd4 Qd5 42. Qe3 Nc6 43. Nxf5+ gxf5 44. Re4 fxe4 0-1

[Event "GBR-ch107 Over 65"]
[Site "Milton Keynes"]
[Date "2021.10.07"]
[Round "4.3"]
[White "Habershon, Paul F"]
[Black "Stimpson, Philip M"]
[Result "0-1"]
[WhiteElo "1977"]
[BlackElo "1949"]
[PlyCount "64"]
[EventDate "2021.10.04"]
[EventType "swiss"]
[EventRounds "7"]
[EventCountry "GBR"]
[SourceTitle "BritBase"]
[Source "John Saunders"]
[SourceDate "2021.06.05"]
[SourceVersion "1"]
[SourceVersionDate "2021.06.05"]
[SourceQuality "1"]

1. Nf3 c5 2. c4 Nf6 3. Nc3 Nc6 4. g3 g6 5. Bg2 Bg7 6. O-O O-O 7. d3 a6 8. Rb1
d6 9. a3 Rb8 10. b4 cxb4 11. axb4 b5 12. cxb5 axb5 13. Bd2 Bd7 14. Qc2 e6 15.
Rfc1 Qe7 16. e3 Rfc8 17. Qb3 d5 18. d4 Ne8 19. Ne1 Nd6 20. Nd3 Nc4 21. Be1 Bh6
22. Nd1 Nxd4 23. exd4 Bxc1 24. Rxc1 Ra8 25. Ne3 Ra3 26. Qd1 Rca8 27. Nxc4 bxc4
28. Nc5 Ba4 29. Qe2 Qf6 30. Qe5 Qxe5 31. dxe5 Bb5 32. h3 Ra1 0-1

[Event "GBR-ch107 Over 65"]
[Site "Milton Keynes"]
[Date "2021.10.07"]
[Round "4.4"]
[White "Valentine, Brian J"]
[Black "Bray, Dave J"]
[Result "1-0"]
[WhiteElo "1926"]
[BlackElo "2037"]
[PlyCount "35"]
[EventDate "2021.10.04"]
[EventType "swiss"]
[EventRounds "7"]
[EventCountry "GBR"]
[SourceTitle "BritBase"]
[Source "John Saunders"]
[SourceDate "2021.06.05"]
[SourceVersion "1"]
[SourceVersionDate "2021.06.05"]
[SourceQuality "1"]

1. e4 e6 2. d4 d5 3. Nc3 Nf6 4. e5 Nfd7 5. f4 c5 6. Nf3 Nc6 7. Be3 a6 8. a3 b5
9. Be2 Qb6 10. dxc5 Bxc5 11. Bxc5 Qxc5 12. Qd2 Bb7 13. Rd1 Rc8 14. Ne4 dxe4 15.
Qxd7+ Kf8 16. Qxb7 Rb8 17. Qc7 exf3 18. Bxf3 1-0

[Event "GBR-ch107 Over 65"]
[Site "Milton Keynes"]
[Date "2021.10.07"]
[Round "4.5"]
[White "Myall, Ivan J"]
[Black "Pride, Stephen C"]
[Result "1-0"]
[WhiteElo "2011"]
[BlackElo "1581"]
[PlyCount "69"]
[EventDate "2021.10.04"]
[EventType "swiss"]
[EventRounds "7"]
[EventCountry "GBR"]
[SourceTitle "BritBase"]
[Source "John Saunders"]
[SourceDate "2021.06.05"]
[SourceVersion "1"]
[SourceVersionDate "2021.06.05"]
[SourceQuality "1"]

1. e4 g6 2. d4 Bg7 3. c3 b6 4. Nf3 Bb7 5. Bd3 d6 6. O-O e6 7. Qe2 Ne7 8. Bg5 h6
9. Bf4 O-O 10. Nbd2 a6 11. a4 Nd7 12. h4 e5 13. dxe5 Nxe5 14. Bc2 Nxf3+ 15.
Nxf3 Nc6 16. Rad1 Qe7 17. Qd2 Kh7 18. h5 Ne5 19. Bxe5 dxe5 20. Qd7 Rfe8 21.
hxg6+ fxg6 22. Qg4 Bc8 23. Qg3 Be6 24. Nxe5 Bxe5 25. Qxe5 Qf7 26. Qg3 Re7 27.
Rd4 Rae8 28. f4 Bb3 29. Bb1 c5 30. Rd6 Re6 31. Rxe6 Qxe6 32. e5 Rf8 33. f5 gxf5
34. Qf4 Kg6 35. Qg4+ 1-0

[Event "GBR-ch107 Over 65"]
[Site "Milton Keynes"]
[Date "2021.10.07"]
[Round "4.6"]
[White "O'Gorman, Brendan"]
[Black "Fisher, C Phillip"]
[Result "1-0"]
[WhiteElo "1691"]
[BlackElo "1854"]
[PlyCount "67"]
[EventDate "2021.10.04"]
[EventType "swiss"]
[EventRounds "7"]
[EventCountry "GBR"]
[SourceTitle "BritBase"]
[Source "John Saunders"]
[SourceDate "2021.06.05"]
[SourceVersion "1"]
[SourceVersionDate "2021.06.05"]
[SourceQuality "1"]

1. c4 b6 2. Nc3 Bb7 3. e4 d6 4. Nf3 g6 5. d4 Bg7 6. Be2 e6 7. O-O Nd7 8. Be3
Ne7 9. Qd2 h6 10. Rac1 a6 11. d5 e5 12. b4 g5 13. Ne1 Ng6 14. g3 Bc8 15. Ng2
Nf6 16. f4 gxf4 17. gxf4 exf4 18. Nxf4 Nxf4 19. Rxf4 h5 20. Rcf1 Rg8 21. Kh1
Bh3 22. R1f2 Qe7 23. Bd4 Bh6 24. Bxf6 Bxf4 25. Qxf4 Qd7 26. e5 Bg4 27. exd6
Qxd6 28. Qxd6 cxd6 29. Ne4 Bxe2 30. Rxe2 Kd7 31. Bd4 Kc7 32. Nf6 b5 33. Re7+
Kd8 34. Nxg8 1-0

[Event "GBR-ch107 Over 65"]
[Site "Milton Keynes"]
[Date "2021.10.07"]
[Round "4.7"]
[White "Calvert, D Ian"]
[Black "Scowen, Roger S"]
[Result "1/2-1/2"]
[WhiteElo "1881"]
[BlackElo "1885"]
[PlyCount "130"]
[EventDate "2021.10.04"]
[EventType "swiss"]
[EventRounds "7"]
[EventCountry "GBR"]
[SourceTitle "BritBase"]
[Source "John Saunders"]
[SourceDate "2021.06.05"]
[SourceVersion "1"]
[SourceVersionDate "2021.06.05"]
[SourceQuality "1"]

1. b3 d5 2. Bb2 f5 3. Nf3 Nf6 4. g3 e6 5. Bg2 Be7 6. d3 O-O 7. O-O c5 8. Nbd2
Nc6 9. Re1 Qc7 10. e4 fxe4 11. dxe4 d4 12. e5 Nd7 13. Qe2 Nb6 14. a4 Bd7 15. c3
dxc3 16. Bxc3 Nd5 17. Rac1 Ncb4 18. Nc4 Nxc3 19. Rxc3 Nd5 20. Rcc1 Rad8 21.
Nfd2 b5 22. axb5 Bxb5 23. f4 Nb4 24. Be4 Bc6 25. Bxc6 Qxc6 26. Rc3 Qd5 27. Qe4
Qd4+ 28. Qxd4 cxd4 29. Rf3 g5 30. Ne4 gxf4 31. gxf4 Rd5 32. Rg3+ Kh8 33. Rf1 d3
34. Rg4 Rd4 35. Ncd2 Nd5 36. Ra1 h5 37. Rg3 Nxf4 38. Rf3 Ne2+ 39. Kf2 Bh4+ 40.
Ke3 Rxf3+ 41. Kxf3 Rd7 42. Nc5 Rd5 43. b4 Bg5 44. Nce4 Bxd2 45. Nxd2 Rxe5 46.
Rxa7 Nd4+ 47. Kf4 Re2 48. Ne4 d2 49. Nxd2 e5+ 50. Kg5 Rxd2 51. Kxh5 Rxh2+ 52.
Kg6 Rg2+ 53. Kf6 e4 54. Ra8+ Rg8 55. Ra1 Re8 56. Rh1+ Kg8 57. Rg1+ Kf8 58. Rh1
Re6+ 59. Kg5 Ke7 60. Kf4 Kd6 61. Rd1 Kd5 62. Ke3 Kc4 63. Rxd4+ Kb5 64. Rxe4
Rxe4+ 65. Kxe4 Kxb4 1/2-1/2

[Event "GBR-ch107 Over 65"]
[Site "Milton Keynes"]
[Date "2021.10.07"]
[Round "4.8"]
[White "McKenna, John R"]
[Black "Ingham, H William"]
[Result "0-1"]
[WhiteElo "1557"]
[BlackElo "1855"]
[PlyCount "102"]
[EventDate "2021.10.04"]
[EventType "swiss"]
[EventRounds "7"]
[EventCountry "GBR"]
[SourceTitle "BritBase"]
[Source "John Saunders"]
[SourceDate "2021.06.05"]
[SourceVersion "1"]
[SourceVersionDate "2021.06.05"]
[SourceQuality "1"]

1. d4 c6 2. Nf3 d6 3. e4 Bg4 4. c3 Nf6 5. Bd3 Nbd7 6. Nbd2 e5 7. O-O Be7 8. a4
a5 9. Nc4 O-O 10. Ne3 Bh5 11. Nf5 Bg6 12. N3h4 Re8 13. Nxg6 hxg6 14. Nxe7+ Qxe7
15. Bg5 Nf8 16. f4 Ne6 17. dxe5 dxe5 18. Bxf6 Qxf6 19. f5 Nf4 20. fxg6 Qxg6 21.
Qf3 Nxd3 22. Qxd3 Rad8 23. Qe2 Rd6 24. Rad1 Red8 25. Rxd6 Qxd6 26. Qc4 Rd7 27.
h3 Qd2 28. b3 Qe3+ 29. Kh2 Qd3 30. Qxd3 Rxd3 31. Rf3 Rd2 32. Kg3 b5 33. axb5
cxb5 34. Re3 Kf8 35. Kf3 Ke7 36. c4 b4 37. Re2 Rxe2 38. Kxe2 Kd6 39. Kd3 Kc5
40. g4 g5 41. Ke3 a4 42. bxa4 Kxc4 43. Kd2 b3 44. a5 Kb5 45. Kc3 Kxa5 46. Kxb3
Kb5 47. Kc3 Kc5 48. Kd3 Kb4 49. Kd2 Kc4 50. Ke3 Kc3 51. Ke2 Kd4 0-1

[Event "GBR-ch107 Over 65"]
[Site "Milton Keynes"]
[Date "2021.10.07"]
[Round "4.9"]
[White "Foster, Brian E"]
[Black "Gamble, Raymond J"]
[Result "0-1"]
[WhiteElo "1868"]
[BlackElo "1871"]
[PlyCount "124"]
[EventDate "2021.10.04"]
[EventType "swiss"]
[EventRounds "7"]
[EventCountry "GBR"]
[SourceTitle "BritBase"]
[Source "John Saunders"]
[SourceDate "2021.06.05"]
[SourceVersion "1"]
[SourceVersionDate "2021.06.05"]
[SourceQuality "1"]

1. d4 Nf6 2. c4 e6 3. Nc3 d5 4. cxd5 exd5 5. Nf3 Nbd7 6. Bg5 c6 7. e3 Be7 8.
Bd3 Ne4 9. Nxe4 dxe4 10. Bxe7 Qxe7 11. Be2 exf3 12. Bxf3 Qb4+ 13. Qd2 Qxd2+ 14.
Kxd2 O-O 15. Rac1 Nf6 16. Rhe1 Bg4 17. Ke2 Bxf3+ 18. Kxf3 Rfe8 19. a3 Rad8 20.
b4 g5 21. h3 Ne4 22. Red1 f5 23. g3 Kf7 24. Kg2 h5 25. f3 Nf6 26. Kf2 Rd7 27.
Re1 Rde7 28. Rc2 Nd5 29. Rce2 Nc3 30. Rc2 Nb5 31. a4 Nxd4 32. Rc4 Ne6 33. f4
gxf4 34. exf4 Nc7 35. Rxe7+ Rxe7 36. Rc5 Kf6 37. b5 cxb5 38. axb5 Ne6 39. Rd5
Rc7 40. Rd6 b6 41. Rd2 Rc5 42. Rd7 Rxb5 43. Rxa7 Rb2+ 44. Ke3 Rb3+ 45. Kf2 b5
46. Ra6 b4 47. Rb6 Rb2+ 48. Kg1 b3 49. h4 Ke7 50. Rb5 Nd4 51. Rd5 Rd2 52. Re5+
Kd6 53. Re8 b2 54. Rb8 Rd1+ 55. Kg2 b1=Q 56. Rxb1 Rxb1 57. Kf2 Kd5 58. Ke3 Rb3+
59. Kf2 Ke4 60. Kg2 Rb2+ 61. Kh3 Kf3 62. g4 fxg4# 0-1

[Event "GBR-ch107 Over 65"]
[Site "Milton Keynes"]
[Date "2021.10.08"]
[Round "5.1"]
[White "Jackson, Oliver A"]
[Black "De Coverly, Roger D"]
[Result "0-1"]
[WhiteElo "2112"]
[BlackElo "1863"]
[PlyCount "92"]
[EventDate "2021.10.04"]
[EventType "swiss"]
[EventRounds "7"]
[EventCountry "GBR"]
[SourceTitle "BritBase"]
[Source "John Saunders"]
[SourceDate "2021.06.05"]
[SourceVersion "1"]
[SourceVersionDate "2021.06.05"]
[SourceQuality "1"]

1. e4 e5 2. Nc3 Bc5 3. Bc4 Nf6 4. d3 d6 5. f4 Nc6 6. f5 Nd4 7. Nf3 c6 8. Bg5 b5
9. Bb3 a5 10. a3 Nxb3 11. cxb3 Qb6 12. Qe2 Bb7 13. d4 exd4 14. e5 dxe5 15.
Qxe5+ Kd7 16. O-O-O Rae8 17. Qf4 Kc8 18. Nxd4 Rd8 19. Nc2 Qc7 20. Qxc7+ Kxc7
21. Bxf6 gxf6 22. Ne4 Be7 23. Rhe1 Rxd1+ 24. Kxd1 Rd8+ 25. Kc1 Rd7 26. g4 c5
27. Nc3 Kb6 28. a4 b4 29. Ne4 Bd8 30. Ne3 Rd4 31. Nd2 Kc6 32. Ndc4 Kd7 33. Rd1
Bc7 34. Rxd4+ cxd4 35. Nc2 Bf4+ 36. Kd1 Bf3+ 37. Ke1 Bxg4 38. Nxd4 Bxh2 39.
Nxa5 h5 40. Kf2 h4 41. Kg2 Be5 42. Nac6 h3+ 43. Kh1 Kd6 44. a5 Kc5 45. Nxe5
fxe5 46. Nc2 Bxf5 0-1

[Event "GBR-ch107 Over 65"]
[Site "Milton Keynes"]
[Date "2021.10.08"]
[Round "5.2"]
[White "Stimpson, Philip M"]
[Black "Myall, Ivan J"]
[Result "0-1"]
[WhiteElo "1949"]
[BlackElo "2011"]
[PlyCount "90"]
[EventDate "2021.10.04"]
[EventType "swiss"]
[EventRounds "7"]
[EventCountry "GBR"]
[SourceTitle "BritBase"]
[Source "John Saunders"]
[SourceDate "2021.06.05"]
[SourceVersion "1"]
[SourceVersionDate "2021.06.05"]
[SourceQuality "1"]

1. d4 Nf6 2. Nc3 d5 3. Bf4 a6 4. e3 Bf5 5. f3 h5 6. Nh3 e6 7. Bd3 Bxd3 8. Qxd3
c5 9. O-O Nc6 10. Rad1 h4 11. Bg5 Qa5 12. a3 c4 13. Qd2 Nd7 14. Qf2 Be7 15. e4
O-O-O 16. exd5 exd5 17. Bxe7 Nxe7 18. Ng5 Rdf8 19. Rfe1 Nc6 20. Qd2 Nf6 21. Qf4
Qc7 22. Qf5+ Qd7 23. Qf4 Ne7 24. Na4 Qxa4 25. Rxe7 Nd7 26. Nxf7 Qc6 27. Qg4
Rxf7 28. Rxf7 Rd8 29. Re1 Qh6 30. f4 Qb6 31. Qxg7 Qxb2 32. h3 Qxc2 33. Ree7
Qc1+ 34. Kh2 Qxa3 35. Rxd7 Qg3+ 36. Qxg3 hxg3+ 37. Kxg3 Rxd7 38. Rxd7 Kxd7 39.
Kf3 a5 40. Ke3 a4 41. Kd2 a3 42. Kc2 b5 43. h4 b4 44. h5 b3+ 45. Kc3 a2 0-1

[Event "GBR-ch107 Over 65"]
[Site "Milton Keynes"]
[Date "2021.10.08"]
[Round "5.3"]
[White "Valentine, Brian J"]
[Black "O'Gorman, Brendan"]
[Result "1-0"]
[WhiteElo "1926"]
[BlackElo "1691"]
[PlyCount "57"]
[EventDate "2021.10.04"]
[EventType "swiss"]
[EventRounds "7"]
[EventCountry "GBR"]
[SourceTitle "BritBase"]
[Source "John Saunders"]
[SourceDate "2021.06.05"]
[SourceVersion "1"]
[SourceVersionDate "2021.06.05"]
[SourceQuality "1"]

1. e4 c5 2. Nf3 e6 3. d4 cxd4 4. Nxd4 Nf6 5. Nc3 Nc6 6. g3 Bb4 7. Bg2 d5 8.
Nxc6 bxc6 9. O-O Ba6 10. Re1 dxe4 11. Qxd8+ Rxd8 12. Bg5 Be7 13. Nxe4 Nxe4 14.
Bxe7 Kxe7 15. Rxe4 Rd6 16. Ra4 c5 17. Bf1 Bxf1 18. Rxa7+ Kf6 19. Kxf1 Rb8 20.
Rc7 Rxb2 21. Rxc5 Rd2 22. a4 Rdxc2 23. Rxc2 Rxc2 24. a5 Rc7 25. Ke2 Ra7 26. Kd3
e5 27. Kc4 Ke6 28. Kc5 f5 29. Kb6 1-0

[Event "GBR-ch107 Over 65"]
[Site "Milton Keynes"]
[Date "2021.10.08"]
[Round "5.4"]
[White "Ingham, H William"]
[Black "Milnes, Anthony CP"]
[Result "1/2-1/2"]
[WhiteElo "1855"]
[BlackElo "1948"]
[PlyCount "26"]
[EventDate "2021.10.04"]
[EventType "swiss"]
[EventRounds "7"]
[EventCountry "GBR"]
[SourceTitle "BritBase"]
[Source "John Saunders"]
[SourceDate "2021.06.05"]
[SourceVersion "1"]
[SourceVersionDate "2021.06.05"]
[SourceQuality "1"]

1. d4 e6 2. Nf3 f5 3. Bg5 Be7 4. Bxe7 Qxe7 5. Nbd2 Nf6 6. e3 b6 7. Bd3 O-O 8.
e4 fxe4 9. Nxe4 Bb7 10. Qe2 Nxe4 11. Bxe4 Bxe4 12. Qxe4 Nc6 13. c3 Qf6 1/2-1/2

[Event "GBR-ch107 Over 65"]
[Site "Milton Keynes"]
[Date "2021.10.08"]
[Round "5.5"]
[White "Taylor, Robert K"]
[Black "Reuben, Stewart"]
[Result "1/2-1/2"]
[WhiteElo "1938"]
[BlackElo "1991"]
[PlyCount "96"]
[EventDate "2021.10.04"]
[EventType "swiss"]
[EventRounds "7"]
[EventCountry "GBR"]
[SourceTitle "BritBase"]
[Source "John Saunders"]
[SourceDate "2021.06.05"]
[SourceVersion "1"]
[SourceVersionDate "2021.06.05"]
[SourceQuality "1"]

1. e4 c5 2. Nf3 Nc6 3. c3 Nf6 4. e5 Nd5 5. b4 cxb4 6. c4 Nb6 7. d4 Qc7 8. Nbd2
d6 9. exd6 exd6 10. Bd3 Be7 11. O-O O-O 12. Qc2 g6 13. Bb2 Bf6 14. Rfe1 Bg4 15.
h3 Bxf3 16. Nxf3 Rfe8 17. h4 Rxe1+ 18. Rxe1 Na5 19. Rc1 Rc8 20. c5 Nd5 21. cxd6
Qxc2 22. Bxc2 Rd8 23. Be4 Nb6 24. Rc7 Rxd6 25. Bxb7 Nbc4 26. Bc1 Kg7 27. Bf4
Rd8 28. Ba6 Nd6 29. Be5 b3 30. axb3 Nxb3 31. Rxa7 Bxe5 32. dxe5 Nf5 33. Bc4
Nbd4 34. Rxf7+ Kh6 35. Nxd4 Rxd4 36. Rc7 Rxh4 37. f3 Rd4 38. e6 Rd8 39. g4 Nd6
40. Rd7 Rxd7 41. exd7 Nb7 42. f4 Kg7 43. g5 h6 44. Kf2 hxg5 45. fxg5 Kf8 46.
Bd3 Ke7 47. Bxg6 Kxd7 48. Kg3 Ke7 1/2-1/2

[Event "GBR-ch107 Over 65"]
[Site "Milton Keynes"]
[Date "2021.10.08"]
[Round "5.6"]
[White "Gamble, Raymond J"]
[Black "Habershon, Paul F"]
[Result "1/2-1/2"]
[WhiteElo "1871"]
[BlackElo "1977"]
[PlyCount "73"]
[EventDate "2021.10.04"]
[EventType "swiss"]
[EventRounds "7"]
[EventCountry "GBR"]
[SourceTitle "BritBase"]
[Source "John Saunders"]
[SourceDate "2021.06.05"]
[SourceVersion "1"]
[SourceVersionDate "2021.06.05"]
[SourceQuality "1"]

1. d4 Nf6 2. Nf3 g6 3. Nbd2 Bg7 4. e4 d6 5. Bc4 c6 6. c3 O-O 7. O-O b5 8. Bb3
Bb7 9. Qe2 a5 10. a3 a4 11. Bc2 Nbd7 12. e5 dxe5 13. dxe5 Nd5 14. e6 Nf4 15.
exf7+ Rxf7 16. Qd1 Nc5 17. Ne4 Nce6 18. Qxd8+ Rxd8 19. Rd1 Rxd1+ 20. Bxd1 c5
21. Bxf4 Rxf4 22. Ned2 c4 23. Be2 Nc5 24. Re1 e5 25. g3 Rf8 26. Ng5 h6 27. Ngf3
Rd8 28. Nf1 e4 29. Nh4 Kf7 30. Ng2 Nd3 31. Rb1 Ne5 32. Nge3 h5 33. h4 Bh6 34.
Nc2 Nd3 35. Nd4 Rd5 36. Ne3 Rc5 37. Bf1 1/2-1/2

[Event "GBR-ch107 Over 65"]
[Site "Milton Keynes"]
[Date "2021.10.08"]
[Round "5.7"]
[White "Bray, Dave J"]
[Black "Brockes, Jeremy P"]
[Result "1-0"]
[WhiteElo "2037"]
[BlackElo "1566"]
[PlyCount "90"]
[EventDate "2021.10.04"]
[EventType "swiss"]
[EventRounds "7"]
[EventCountry "GBR"]
[SourceTitle "BritBase"]
[Source "John Saunders"]
[SourceDate "2021.06.05"]
[SourceVersion "1"]
[SourceVersionDate "2021.06.05"]
[SourceQuality "1"]

1. Nf3 Nf6 2. c4 g6 3. d4 Bg7 4. Nc3 d6 5. e4 O-O 6. Be2 Bg4 7. O-O Nfd7 8. Be3
Bxf3 9. Bxf3 Nc6 10. d5 Na5 11. Be2 Bxc3 12. bxc3 e5 13. dxe6 fxe6 14. f4 Qe7
15. Bd3 b6 16. Qe2 Nb7 17. Rae1 Nbc5 18. Bc2 Rf7 19. g4 Raf8 20. g5 e5 21. f5
Qd8 22. Qg4 Qe8 23. h4 Rg7 24. Rf2 gxf5 25. exf5 Nf6 26. Qf3 e4 27. Qh3 Qh5 28.
Rg2 Nfd7 29. Bd4 Ne5 30. Bxe5 dxe5 31. Bxe4 Nxe4 32. Rxe4 Qd1+ 33. Kh2 Rd8 34.
f6 Rgd7 35. Qe6+ Kf8 36. Qxe5 Qh5 37. Rf2 Qf7 38. Rd4 Rxd4 39. cxd4 Re8 40. Qf5
Qh5 41. Qf4 Re1 42. Rf3 Re2+ 43. Kg3 Qf7 44. d5 Qd7 45. Rf2 Re3+ 1-0

[Event "GBR-ch107 Over 65"]
[Site "Milton Keynes"]
[Date "2021.10.08"]
[Round "5.8"]
[White "Pride, Stephen C"]
[Black "Calvert, D Ian"]
[Result "0-1"]
[WhiteElo "1581"]
[BlackElo "1881"]
[PlyCount "118"]
[EventDate "2021.10.04"]
[EventType "swiss"]
[EventRounds "7"]
[EventCountry "GBR"]
[SourceTitle "BritBase"]
[Source "John Saunders"]
[SourceDate "2021.06.05"]
[SourceVersion "1"]
[SourceVersionDate "2021.06.05"]
[SourceQuality "1"]

1. c3 Nf6 2. Qa4 g6 3. g4 Bg7 4. Bg2 O-O 5. d3 d6 6. g5 Nfd7 7. Nd2 Nc5 8. Qc2
a5 9. Nf1 e5 10. Ng3 Nc6 11. Nf3 f5 12. gxf6 Qxf6 13. Bg5 Qf7 14. O-O-O Qxa2
15. Kd2 Qb3 16. Qxb3+ Nxb3+ 17. Kc2 Be6 18. Be3 Kh8 19. h4 h5 20. Ng5 Bg8 21.
Bh3 Rfe8 22. Bg2 a4 23. Be4 Ne7 24. Bxb7 Rab8 25. Bg2 Nd5 26. Be4 Nxe3+ 27.
fxe3 Bh7 28. Nxh7 Kxh7 29. Nxh5 Nc5 30. Nxg7 Kxg7 31. Bc6 Rf8 32. Rdf1 Rxf1 33.
Rxf1 Rh8 34. Bd5 Rxh4 35. Rf7+ Kh6 36. Rxc7 g5 37. Rc6 g4 38. Rxd6+ Kg5 39. Rd8
Rh2 40. Kd1 Rf2 41. Ke1 g3 42. Rc8 Nb3 43. Bxb3 axb3 44. c4 Kg4 45. Re8 Rf5 46.
e4 Rf4 47. Rg8+ Kh3 48. Rh8+ Kg2 49. c5 Rf1+ 50. Kd2 Rb1 51. Kc3 Rc1+ 52. Kb4
Kf2 53. Rg8 g2 54. Kb5 g1=Q 55. Rxg1 Kxg1 56. c6 Kf2 57. Kb6 Kxe2 58. Kb7 Kxd3
59. c7 Kxe4 0-1

[Event "GBR-ch107 Over 65"]
[Site "Milton Keynes"]
[Date "2021.10.08"]
[Round "5.9"]
[White "Fisher, C Phillip"]
[Black "McKenna, John R"]
[Result "0-1"]
[WhiteElo "1854"]
[BlackElo "1557"]
[PlyCount "74"]
[EventDate "2021.10.04"]
[EventType "swiss"]
[EventRounds "7"]
[EventCountry "GBR"]
[SourceTitle "BritBase"]
[Source "John Saunders"]
[SourceDate "2021.06.05"]
[SourceVersion "1"]
[SourceVersionDate "2021.06.05"]
[SourceQuality "1"]

1. b3 d5 2. Bb2 Nf6 3. e3 Bf5 4. Nf3 h6 5. c4 e6 6. Nc3 c6 7. h3 Be7 8. g4 Bh7
9. Qe2 a5 10. Rg1 Na6 11. d3 Nc5 12. O-O-O a4 13. b4 a3 14. Ba1 Na4 15. Nxa4
Rxa4 16. Nd2 Rxb4 17. Nb3 Qb6 18. c5 Bxc5 19. Qc2 Rc4 20. dxc4 Bxc2 21. Kxc2
Be7 22. Bd4 c5 23. Bc3 O-O 24. Ba5 Qc6 25. cxd5 exd5 26. Bg2 Ne4 27. Bxe4 dxe4
28. Bc3 Bf6 29. Rd2 Bxc3 30. Kxc3 Qf6+ 31. Kc4 Rd8 32. Rgd1 Rxd2 33. Rxd2 b6
34. Kb5 Qc3 35. Kc6 Kh7 36. Rd7 Qe1 37. Rd2 c4 0-1

[Event "GBR-ch107 Over 65"]
[Site "Milton Keynes"]
[Date "2021.10.09"]
[Round "6.1"]
[White "De Coverly, Roger D"]
[Black "Valentine, Brian J"]
[Result "1-0"]
[WhiteElo "1863"]
[BlackElo "1926"]
[PlyCount "81"]
[EventDate "2021.10.04"]
[EventType "swiss"]
[EventRounds "7"]
[EventCountry "GBR"]
[SourceTitle "BritBase"]
[Source "John Saunders"]
[SourceDate "2021.06.05"]
[SourceVersion "1"]
[SourceVersionDate "2021.06.05"]
[SourceQuality "1"]

1. d4 Nf6 2. c4 e6 3. Nc3 Bb4 4. e3 O-O 5. Bd3 d5 6. Nf3 b6 7. O-O Bb7 8. cxd5
exd5 9. Ne5 Nbd7 10. f4 c5 11. Bd2 Ne4 12. Be1 f5 13. a3 Bxc3 14. bxc3 Ndf6 15.
Rc1 c4 16. Bb1 Qe8 17. Bh4 Qe6 18. h3 Bc8 19. Kh2 Qd6 20. Qa4 Nd2 21. Rg1 Nxb1
22. Rxb1 Bd7 23. Qb4 Qxb4 24. axb4 Ba4 25. b5 Ne4 26. Rgc1 Nd2 27. Rb4 Bb3 28.
Nc6 Rf7 29. g4 Nf3+ 30. Kg3 Nxh4 31. Kxh4 fxg4 32. hxg4 Rc7 33. Ne5 a5 34. bxa6
Rxa6 35. Rb5 Ra5 36. Rxb6 h6 37. Rb8+ Kh7 38. g5 g6 39. gxh6 Kxh6 40. Rb6 Rg7
41. Kg4 1-0

[Event "GBR-ch107 Over 65"]
[Site "Milton Keynes"]
[Date "2021.10.09"]
[Round "6.2"]
[White "Myall, Ivan J"]
[Black "Jackson, Oliver A"]
[Result "1-0"]
[WhiteElo "2011"]
[BlackElo "2112"]
[PlyCount "53"]
[EventDate "2021.10.04"]
[EventType "swiss"]
[EventRounds "7"]
[EventCountry "GBR"]
[SourceTitle "BritBase"]
[Source "John Saunders"]
[SourceDate "2021.06.05"]
[SourceVersion "1"]
[SourceVersionDate "2021.06.05"]
[SourceQuality "1"]

1. d4 Nf6 2. Bf4 d6 3. Nc3 Nbd7 4. Nf3 c5 5. d5 g6 6. e4 Bg7 7. Qd2 Qa5 8. Bd3
a6 9. O-O b5 10. e5 dxe5 11. Nxe5 Nxe5 12. Bxe5 O-O 13. Qd1 Bb7 14. Ne4 c4 15.
Bxf6 exf6 16. Be2 Rad8 17. Qb1 Bxd5 18. c3 f5 19. Ng5 b4 20. cxb4 Qxb4 21. Qc2
Qxb2 22. Rac1 Qf6 23. f4 c3 24. Kh1 Bxg2+ 25. Kxg2 Rd2 26. Ne4 Qd4 27. Nxd2 1-0

[Event "GBR-ch107 Over 65"]
[Site "Milton Keynes"]
[Date "2021.10.09"]
[Round "6.3"]
[White "Calvert, D Ian"]
[Black "Stimpson, Philip M"]
[Result "1/2-1/2"]
[WhiteElo "1881"]
[BlackElo "1949"]
[PlyCount "50"]
[EventDate "2021.10.04"]
[EventType "swiss"]
[EventRounds "7"]
[EventCountry "GBR"]
[SourceTitle "BritBase"]
[Source "John Saunders"]
[SourceDate "2021.06.05"]
[SourceVersion "1"]
[SourceVersionDate "2021.06.05"]
[SourceQuality "1"]

1. b3 e5 2. Bb2 d6 3. e3 Nf6 4. Nf3 g6 5. d4 e4 6. Nfd2 Qe7 7. c4 Bg7 8. Nc3
O-O 9. Qc2 Re8 10. h3 h5 11. Be2 Nc6 12. a3 Bf5 13. O-O-O Nxd4 14. exd4 e3 15.
Bd3 Bxd3 16. Qxd3 exd2+ 17. Qxd2 Ne4 18. Qf4 Nxc3 19. Bxc3 Qe4 20. Qxe4 Rxe4
21. Rhe1 Rae8 22. Rxe4 Rxe4 23. Kc2 c6 24. Kd3 d5 25. Re1 Rxe1 1/2-1/2